000 00815nam a2200289Ia 4500
003 OSt
005 20220912150155.0
006 a|||||r|||| 00| 0
007 ta
008 220909b |||||||| |||| 00| 0 eng d
020 _a8176240761 (pbk)
024 _a6740
037 _bBook Faith,
037 _cTextual
040 _aCSL
_beng
_cCSL
041 _aeng
082 _aH.g7H.9B, N9
100 _aVerma Pramod Kumar Ed
245 0 _aGeological studies in the Eastern Himalayas
260 _aDelhi
_bPilgrims Book (Pvt)Ltd
_c1999
300 _axxii,264p
500 _aIncludes bibliographical references; Index 251-264p
650 _a Eastern Himalayas
650 _aGeology
942 _hH.g7H.9B, N9
_cTEXL
_2CC
999 _c41253
_d41253